Biblioteca

Cristología desde América Latina : Esbozo a partir del seguimiento del Jesús histórico / Jon Sobrino (Registro nro. 38695)

Detalles MARC
000 -LÍDER
Campo fijo de descripción fija 005410000a22001810004500
041 0# - CÓDIGO DE IDIOMA
Código de idioma para texto/pista de sonido o título separado
082 04 - NÚMERO DE CLASIFICACIÓN DECIMAL DEWEY
Número de clasificación G 270.92 S6779c
001 - NÚMERO DE CONTROL
Campo de control 8558
100 1# - ASIENTO PRINCIPAL--NOMBRE PERSONAL
Nombre personal Sobrino, Jon
245 10 - TÍTULO
Título del Material Cristología desde América Latina : Esbozo a partir del seguimiento del Jesús histórico / Jon Sobrino
250 ## - MENCIÓN DE EDICIÓN
Mención de edición 2 ed. corregida y aumentada
260 ## - PUBLICACIÓN, DISTRIBUCIÓN, ETC. (PIE DE IMPRENTA)
Lugar de publicación, distribución, etc. Mexico : Centro de reflexión teológica
300 ## - DESCRIPCIÓN FÍSICA
Extensión 330 Pag
336 ## - CONTENT TYPE
Content type term texto
Content type code txt
Source rdacontent
337 ## - MEDIA TYPE
Source rdamedia
Media type term sin mediación
Media type code n
338 ## - CARRIER TYPE
Source rdacarrier
Carrier type term volumen
Carrier type code nc
942 ## - TIPO DE MATERIAL (KOHA)
Tipo de Item KOHA Libros General
Existencias
Estado de Material Estado de Perdido Estado de Dañado No para Préstamo Colección Tomo Biblioteca de Origen Biblioteca Permanente Fecha de Adquisición Total de Préstamos Total de Renovaciones Signatura Topográfica Código de Barras Última vez visto Última vez Préstado Ejemplar/Existencia Fecha de Remplazo Tipo de Material
        Colección General   Biblioteca FUSBC Biblioteca FUSBC 14/01/2005 5 1 G 270.92 S6779c 7014 31/05/2024 29/05/2024 1 26/01/2016 Libros General

Biblioteca FUSBC | Teléfono: (57+4) 349 88 10 Ext. 141| WhatsApp (+57) 3005338115 
E-mail: biblioteca@unisbc.edu.co | Calle 76 87-14 Robledo Palenque, Medellín, Colombia

Con tecnología Koha